[Event "Mendoza op"]
[Site "Mendoza"]
[Date "2014.11.21"]
[Round "2"]
[White "Leiva, Carlos Alberto"]
[Black "Luconi, Cristian"]
[Result "0-1"]
[WhiteElo "1660"]
[BlackElo "2299"]
[PlyCount "60"]
[EventDate "2014.11.21"]
[EventType "swiss"]
[EventRounds "7"]
[EventCountry "ARG"]
[SourceTitle "CBM 163 Extra"]
[Source "ChessBase"]
[SourceDate "2014.12.23"]
[SourceVersion "1"]
[SourceVersionDate "2014.12.23"]
[SourceQuality "1"]

1. e4 c6 2. d4 d5 3. e5 Bf5 4. Nf3 e6 5. Bd3 Bg6 6. Bxg6 hxg6 7. c3 c5 8. Be3 Qb6 9. Qb3 c4 10. Qxb6 axb6 11. Nbd2 b5 12. 0-0 b4 13. h3 Nc6 14. Rfc1 b5 15. Ne1 bxc3 16. bxc3 b4 17. cxb4 Bxb4 18. Nxc4 dxc4 19. Rxc4 Bxe1 20. Rxc6 Ne7 21. Rc4 Ba5 22. Bg5 Nd5 23. Rac1 0-0 24. Be3 Bb4 25. R1c2 Ra3 26. Bc1 Rc3 27. R4xc3 Bxc3 28. Be3 Ra8 29. g3 Ra4 30. Kg2 Kh7 0-1